00518nam a2200145 a 450000100060000000300090000600800410001504000280005608200220008411000390010624500440014526000320018950501230022165000280034420902CO-ViMGA141112s2004 ck r 000 u spa d aCO-ViMGAbspacCO-ViMGA04a720.986 S624 1992 aSociedad Colombiana de arquitectos10aXIII bienal de arquitectura 1991 - 1992 aBogotá : bEscala, c2006 aDiseño Urbano 62 - - Restauración 64 - - Remodelación 72 - - Recuperación urbana 76 - - Proyectos urbanos 78 14aARQUITECTURA COLOMBIANA